000 00499nam a2200181Ia 4500
005 20250326124227.0
008 250326s9999 xx 000 0 und d
037 _aTextbook
040 _aFMSL
_beng
_cFMSL
041 _aeng
_2eng
084 _aX:513 K8;3
_qFMSL
100 _aHarrison M
_9111374
245 0 _aTechnical and industrial publicity
_cHarrison M
260 _aLondon
_bLondon, Business
_c1968
300 _a233p
942 _cTB
_hX:513 K8;3
999 _c1272837
_d1272837